000 00659nam a22001817a 4500
003 BUBTL
008 191117b xxu||||| |||| 00| 0 eng d
020 _a984-70289-0236-4
082 _a891.44 / HAK
100 _92461
_aহক, সৈয়দ শামসুল
245 _aখেলারাম খেলে যা /
_cসৈয়দ শামসুল হক
260 _aঢাকা :
_bইত্যাদি গ্রন্থ প্রকাশ,
_cc2012.
300 _a318 p. :
_c20 cm.
650 0 _91687
_aবাংলা সাহিত্য
856 _k0
_l0
_yDownload
942 _2ddc
_cBK
999 _c6159
_d6159